[Event "Euwe Intern 2005/2006"]
[Site "?"]
[Date "2006.02.16"]
[Round "2.11"]
[White "Witt, Rob"]
[Black "Van der Weide, Piet"]
[Result "0-1"]
[WhiteElo "2247"]
[BlackElo "2183"]
[PlyCount "120"]
[EventDate "2006.01.13"]

{De 11e en laatste ronde van de 2e periode. Ik was al eerste en nog ongeslagen.
Dit laatste wilde ik graag zo houden, maar tegen mijn oude rivaal Piet ging
het weer eens mis.} 1. Nf3 f5 2. c4 Nf6 3. g3 d6 4. d4 e6 {Vroeger speelde
Piet altijd de Leningradervariant met g6. Tegenwoordig geeft hij de voorkeur
aan het Oud-Hollands of Klassiek Hollands met d6 en e6, een min of meer in
onbruik geraakt systeem op topniveau dat Nirav ook regelmatig speelt.} 5. Bg2
Be7 6. O-O O-O 7. Nc3 Qe8 {Alternatieven zijn a5 en Pe4 waarmee met name Simon
Williams, auteur van "The Classical Dutch", regelmatig fraaie partijen speelt.}
8. b3 ({Vroeger speelde men meestal} 8. Re1 Qg6 9. e4 fxe4 10. Nxe4 Nxe4 11.
Rxe4 Nc6 $1 (11... Qxe4 $2 12. Nh4 $16) 12. Qe2 {of allerlei torenzetten. Maar
mensen als Tal en Larsen hebben aangetoond dat dit goed speelbaar is voor
zwart.}) ({Van Wely speelde onlangs in een rapidpartij tegen Dgebuadze} 8. Qd3
Nc6 9. e4) 8... a5 {Mijns inziens de beste zet.} ({Veel gespeeld is ook} 8...
Qh5 {Ik geloof dat Nirav dat vorig jaar tegen mij speelde. Helaas ben ik die
partij kwijt en ik kan me niet meer herinneren of ik die voor EOL geanalyseerd
heb. WIM: Mocht jij die partij hebben, kun je hem mij dan mailen?}) 9. Bb2 {
Dit blijkt de meest gespeelde zet te zijn. Toch is het niet duidelijk wat de
beste speelwijze is voor wit. Bijv. Khalifman, in "According to Kramnik, deel
3", geeft de voorkeuraan} (9. Re1 {Zijn hoofdvariant gaat verder met} Qg6 10.
e4 Nxe4 11. Nxe4 fxe4 12. Rxe4 Nc6 ({Fritz is hier heel enthousiast over} 12...
Qxe4 {maar er zijn geen partijen mee, en terecht} 13. Nh4 Qxd4 14. Qxd4 Bf6 15.
Qd3 {Pas hier springt Fritz naar 0.00} Bxa1 16. Be4 $1 g6 17. Bxg6 hxg6 18.
Qxg6+ Kh8 {en nu ziet ook Fritz dat het goed is voor wit.} 19. Bh6 Nd7 (19...
Rg8 $2 20. Qh5 $1) 20. Bxf8 Nxf8 21. Qe8 Kg7 22. Qe7+ Kg8 23. Qxc7 $16) 13. Bb2
Bf6 14. Re2 Bd7 {Hier heeft zwart m.i. betere zetten.} 15. a3 ({Sterk lijkt me
} 15. Ne5 dxe5 (15... Qe8 16. Nxd7 Qxd7 17. Rxe6 $1 $16) 16. dxe5 $14) 15...
Rae8 16. Qd2 Qh5 17. h4 h6 18. Rae1 {Met licht voordeel voor wit volgens
Khalifman. Volgens mij heeft hij niet serieus gekeken naar deze variant.}) 9...
Na6 10. e3 {Gericht tegen Dh5 waarop ik Pe1 van plan was. Het is gunstig voor
wit om de dames te ruilen.} ({Een ander plan is opnieuw} 10. Re1) 10... c6 11.
Qe2 Ne4 {Beide spelers hebben 15' gebruikt. De laatste zet kwam mij als een
verrassing. Ik had meteen het idee dat het niet goed kon zijn.} ({Gebruikelijk
en beter is} 11... Bd7) 12. Nxe4 fxe4 13. Nd2 d5 14. f3 exf3 {De eerste nieuwe
zet. Bekend was nog} (14... Qh5 15. a3 {Dit leek mij ook de beste zet, maar ik
was ook nog van plan te kijken naar 15.Tae1 en 15.g4.} (15. Rae1 Nb4 $5 16.
fxe4 Rxf1+ 17. Bxf1 Qxe2 18. Bxe2 a4 {moeilijk te beoordelen.}) (15. g4 {
Deze zet voelt niet goed, maar lijkt toch speelbaar.} exf3 16. Rxf3 Qg6 17.
Rxf8+ Bxf8 18. e4 (18. h3 $5) 18... e5 {Ook moeilijk te beoordelen, zeker in
de vooruitberekening.}) 15... Bd7 16. Rae1 exf3 17. Bxf3 {Alledrie manieren
van terugslaan komen in aanmerking. Moeilijk te zeggen wat het beste is.} Qg5 (
{Beter lijkt me} 17... Qh6 {met als idee} 18. e4 Bg5) 18. e4 Nc7 19. Qg2 Rf7
20. exd5 exd5 21. cxd5 Nxd5 22. Re5 $16 Bh3 $2 23. Qxh3 Qxd2 24. Bxd5 cxd5 {
1-0 Bartos-Garbuszus, Znojmo CZE 2005}) 15. Nxf3 {24'} ({Mijn eerste gedachte} 
15. Rxf3 {was ook niet slecht geweest. Ik liet het na wegens} Bf6 {maar na} 16.
Raf1 {gevolgd door e4 staat wit duidelijk beter.}) 15... Qh5 16. e4 Bf6 {
Probeert e4-e5 uit te lokken, maar dan heeft zwart geen problemen.} 17. Rae1 {
Wit nog 48', zwart nog 60'. Ik moet hier heel goed staan, maar ondanks ruim
10' nadenken kon ik toch geen duidelijk plan vinden om mijn voordeel uit te
bouwen.} Bd7 18. a3 {36' In aanmerking kwam ook} (18. exd5 {bijv.} exd5 19. Ne5
Qxe2 20. Rxe2 Bxe5 21. Rxe5 Rxf1+ 22. Bxf1 Nc7 23. Re7 Rd8 24. Bc3 (24. Ba3 $5)
24... Kf8 25. Re1 {Ik had deze variant min of meer gezien, maar ik was bang
dat ik niet verder zou kunnen komen.}) 18... Nc7 $6 {57'} ({Ik zou de voorkeur
geven aan} 18... dxc4 19. bxc4 b5) 19. Bc1 $1 {32' Ik denk dat dit de beste
zet is. Alle mogelijke pionzetten (19.a4; 19.c5; 19.e5) komen ook in
aanmerking, maar hebben ook nadelen.} g5 $6 {Dit leek mij (en Piet?) tijdens
de partij een fout die een pion kost. Maar misschien is dat oordeel te hard.
Na andere zetten staat wit ook duidelijk beter en Piet blijkt compensatie te
krijgen. Het is moeilijk te zeggen wat Piet hier had moeten doen.} ({Misschien
} 19... a4) 20. e5 {28' Het is niet eens zeker of deze pionwinst wel het beste
is.} (20. Qd2 $5) 20... Be7 {50'} 21. Nxg5 Qxe2 {48'} 22. Rxf8+ {24' Na afloop
in de kroeg ontstond een heftige discussie met Francis en Alje. Francis vond
het onbegrijpelijk dat ik over deze zet 6' (blijkt 4') nadacht. Volgens hem
had ik al eerder moeten besluiten wat ik hier zou spelen. Ik probeerde uit te
leggen dat je in elke stelling, zeker als er wat geslagen is, je varianten
moet checken. De stelling is veranderd en misschien heb je eerder iets
overzien of zie je nu een extra mogelijkheid. Alje was het wel met mij eens,
maar ik heb Francis niet kunnen overtuigen.} Bxf8 23. Rxe2 a4 {Dankzij deze
zet krijgt zwart compensatie.} 24. cxd5 {Ik dacht dat dit de enige zet was en
speelde hem dan ook snel. Fritz geeft echter tot mijn verbazing in overweging
om de pion terug te geven.} (24. b4 $5 h6 (24... dxc4 25. Ne4 Nd5 26. Rf2 b5)
25. Nf3 dxc4 26. Nd2 b5 27. Ne4 Nd5 28. Rf2 Rd8 29. Bd2 Be8 30. g4 {En wit zal
wel iets beter staan. Toch wel opmerkelijk. Vroeger hielden die computers
altijd vast aan hun materiële voordeel.}) 24... cxd5 25. b4 Nb5 26. Bb2 {
20' Daarom was het op zet 22 goed om eerst op f8 te ruilen. Anders had nu Pg5
ingestaan door Le7.} Bh6 {45'} 27. Nf3 $4 {Het eerste ken omdat de zet gewoon
heel slecht is, het tweede omdat ik er nauwelijks over nadacht dus totaal niet
besefte dat dit het cruciale moment in de partij is.} ({Ik had even gekeken
naar} 27. Nh3 {met de bedoeling Ph3-f4, maar ik dacht dat dan Tf8 kwam en mijn
paard op h3 staat voor joker. Het kwam niet in me op dat het paard dan naar f2
kan.} Rf8 (27... Rc8 28. Nf4 Kf7 (28... Rc4 $2 29. Nxd5 $1 Nxd4 30. Rf2 $1 $18)
29. Rf2 Ke7 30. Bf1 $16) 28. Nf2 {en zwart heeft enige compensatie voor de
pion, maar waarschijnlijk niet voldoende.}) ({Direct na de partij zei ik tegen
Piet dat ik} 27. h4 {had moeten spelen.} Rc8 28. Bf1 Kg7 29. Rf2 Bxg5 30. hxg5
Nc3 31. Rc2 Ne4 32. Rxc8 Bxc8 33. Bb5 $5 Nxg3 34. Kg2 Ne4 35. Bxa4 {Wit is
weliswaar zijn pluspion weer kwijt, maar staat duidelijk beter met zijn
loperpaar.}) 27... Rc8 28. Ne1 {17'} Bc1 $1 {40'. Deze sterke manoeuvre had ik
totaal gemist. Ik verbruikte 10' maar kon niks bevredigends vinden en dacht
dat ik verloren stond.} 29. Bf1 {10'} ({Ik keek ook nog naar} 29. Nd3 {om evt.
Pc5 te kunnen spelen, maar na} Bxb2 30. Rxb2 b6 {leek het me hopeloos.}) 29...
Bxb2 $2 {Te gehaast gespeeld. Zwart wilde natuurlijk snel zijn pion
terugwinnen, maar hij had alle tijd (ook letterlijk, 40'). Beter was} (29... b6
{en wit heeft niet veel beter dan iets als} 30. Bxc1 Rxc1 31. Nc2 Nc3 32. Rf2
Bb5 33. Ne3 {en nu wint zwart de pion terug onder veel betere omstandigheden.}
Ne2+ 34. Kg2 Nxd4 35. Bxb5 Nxb5 {en ik denk dat zwart gewonnen staat.}) 30.
Rxb2 Nxd4 {38'} (30... Nxa3 31. Ra2 Rc3 {is ook niet zo duidelijk.} 32. b5 Bxb5
33. Bxb5 Nxb5 34. Rxa4 Rc4 35. Rxc4 dxc4 36. Nc2 {en hoewel zwart beter staat
denk ik niet dat hij kan winnen.}) 31. Rd2 {9'} Rc1 {37'} ({Ook geen voordeel
geeft} 31... Nb5 32. Bxb5 Bxb5 33. Rc2 Rf8 34. Rf2) 32. Kf2 {8' Ik verkeerde
hier nog steeds in de veronderstelling dat ik heel slecht stond door de
zwaktes op a3 en e5. Dit blijkt veel te pessimistisch, het staat gewoon gelijk.
} Nc6 {35'} ({Natuurlijk niet} 32... Rxe1 $2 33. Kxe1 Nf3+ 34. Kd1 Nxd2 35.
Kxd2 {en wit kan op winst spelen met zijn goede loper.}) 33. Nd3 $2 {7' Deze
onbegrijpelijke zet kan ik niet verklaren. Het moet iets te maken hebben met
het misplaatste idee dat ik verloren sta en de hoop om een paard op c5 te
krijgen.} ({Na het volstrekt normale} 33. Nf3 {staat het volkomen gelijk.})
33... Rc3 {Gemist.} ({Ik had alleen gekeken naar} 33... Ra1 34. b5 Na5 35. Nc5
Nb3 36. Rc2 {wat inderdaad onduidelijk is.}) 34. Ra2 {5'} (34. Nc5 Nxe5 $1)
34... b6 {33'} 35. Ke2 (35. Ke3 Be8 36. Kd2 d4 $17) 35... Nd4+ 36. Kd2 Rb3 37.
Nc1 {1'} (37. Bg2 Bb5 38. Nc1 Rb1 {verliest ook.}) 37... Rf3 {30' Gezond
gespeeld. Mogelijk was ook} (37... Nf3+ 38. Ke2 Nxh2 39. Nxb3 axb3 40. Rb2 Bb5+
41. Ke1 Nxf1 42. Rxb3 {maar je weet nooit of wit dan nog ergens kan rommelen
bij het uitvluggeren.}) 38. Be2 Rf5 39. Nd3 $2 ({Taaier was} 39. Ke3) 39...
Nxe2 (39... Bb5 $1 {is nog overtuigender.}) 40. Kxe2 Bb5 41. Ke3 Bxd3 42. Kxd3
Rxe5 43. Rc2 {Wit nog 14', zwart 40'. Zwart moet gewonnen staan.} Re1 44. Kd4 {
10'} Re4+ {36'} 45. Kd3 e5 46. Rc6 (46. Rc8+ Kf7 47. Rc7+ Kg6 48. Rc6+ Kf5 49.
Rxb6 Re1 {leek me ook hopeloos.}) 46... Rd4+ $6 (46... Re1 $1) 47. Ke3 $2 {
Achteloos gesp eeld in de veronderstelling dat het allemaal niet uitmaakt.
Veel beter en in feite de laatste kans was} (47. Ke2 $1 {Zwart zal dan ook wel
winnen, maar het is misschien nog niet zo makkelijk.}) 47... Rc4 $1 48. Rxb6
Rc3+ {Met tempowinst. Daarom had de koning naar e2 gemoeten.} 49. Kd2 Rxa3 50.
Rb5 Ra2+ {30'} 51. Kc1 {8'} (51. Kc3 d4+ 52. Kd3 Ra3+ 53. Ke4 Re3+ 54. Kf5 d3
$19) 51... Kf7 {Niks mis mee, maar zwart kan ook winnen zonder de koning. Bijv.
} ({Winnend is} 51... e4 $1 52. Rxd5 e3 53. Kd1 a3 $19) 52. Rxd5 Ke6 53. Ra5 e4
54. Rh5 {De toren op de a-lijn laten, verliest ook. Bijv.} (54. Kd1 a3 55. b5
Ra1+ 56. Kc2 e3 {en wint.}) 54... a3 55. Rxh7 Rg2 56. Ra7 a2 57. Ra3 Ke5 58. b5
Rg1+ 59. Kb2 a1=Q+ 60. Rxa1 Rxa1 {en ik feliciteerde Piet.} 0-1

[Event "Euwe intern III (1)"]
[Site "?"]
[Date "2006.02.23"]
[Round "?"]
[White "Moll, A."]
[Black "Witt, R."]
[Result "1/2-1/2"]
[WhiteElo "2272"]
[BlackElo "2247"]
[Annotator "Moll,A"]
[PlyCount "60"]
[EventDate "2006.??.??"]

1. e4 e6 2. d4 d5 3. Bd3 $5 {Deze ongebruikelijke zet fungeerde laatst in een
droom. Ik gaf les aan het Zesde tiental en legde omstandig uit dat Ld3 de
meest flexibele zet was, omdat wit nog de mogelijkheid behoudt om zijn paarden
naar e2/f3 of d2/c3 te ontwikkelen, zich nog niet vastlegt in het centrum en
na dxe4 met zijn loper op de diagonaal h1-a8 komt, waarna zwarts loper op c8
moeilijk tot ontwikkeling komt. Voorwaar een prachtig betoog! Toen ik wakker
vroeg ik me af waarom de zet dan niet vaker gespeeld werd. Helaas had ik geen
tijd om eventuele theorie op te zoeken, maar toen ik de loting van de eerste
ronde van de derde turnus zag, besloot ik de droomzet tegen Frans-expert Rob
Witt eens te proberen. Overigens is 3.Ld3 natuurlijk vaker gespeeld, o.a. door
Lasker en Tarrasch aan het eind van de 19de eeuw. Recent is de zet een paar
keer geprobeerd door de sterke Russische grootmeester Bezgodov.} c5 $1 {
Ik denk dat dit de beste zet is. [RW: Hoewel Arne mij een Frans-expert noemt
moet ik bekennen dat ik hier niets van weet. Domweg omdat ik 3.Ld3 nog nooit
tegen me heb gehad. Ik nam aan dat 3....dxe4 de beste zet was, maar enerzijds
zal Arne dat wel bekeken hebben en anderzijds vond ik dat die zet voor mij
weinig toekomstwaarde had. Daarom koos ik voor 3...c5 in de veronderstelling
dat dan de ruilvariant zou ontstaan met 4.Ld3 waarop ik in het verleden met
succes 4...c5 gespeeld heb. De kans dat ik dit in de toekomst krijg is gewoon
wat groter. Inmiddels denk ik nu dat 3....c5 beter is dan 3.....dxe4. Het is
verbluffend hoeveel partijen met 3.Ld3 in de database staan.]} ({Na} 3... dxe4
4. Bxe4 {heeft wit een klein succesje behaald: in de Rubinstein-variant (3.Pc3
dxe4) is het voor wit vaak voordelig als hij zijn loper op f3 kan krijgen,
omdat zwart dan -zoals ik ook in mijn droom uitlegde- problemen heeft met de
ontwikkeling van Lc8.}) ({Mogelijk is ook} 3... Nf6 {maar Rob Witt merkte na
de partij op dat zwart dan bereid moet zijn de doorschuifvariant van de
Tarrasch (3.Pd2 Pf6 4.e5) te spelen na} 4. e5 {hetgeen hij zelf nooit doet 
(hij speelt altijd 3...c5 tegen de Tararsch).} ({Ik was overigens} 4. Bg5 {
van plan, wat o.a. ooit door de oude Winawer gespeeld is.})) 4. exd5 {Ik zag
na enig nadenken niets beters dan over te gaan naar de ruilvariant.} (4. c3 {
was Tartakower's keuze tegen Spielmann in Wenen 1913, maar tijdens de partij
beviel de witte stelling na} cxd4 $1 5. cxd4 Nc6 6. Nf3 dxe4 7. Bxe4 Nf6 {
me allerminst voor wit. In Tartakower-Maroczy, Karlsbad 1923, deed wit nu maar}
8. Bxc6+ bxc6 {en had niets na} 9. Qa4 Bd7 10. Ne5 c5 11. Nxd7 Qxd7 12. Qxd7+
Nxd7) 4... exd5 {Tijdens de partij dacht ik dat in de ruilvariant de volgorde
4.Ld3 c5 misschien niet zo nauwkeurig was voor zwart, maar het omgekeerde
lijkt eerder het geval te zijn. Rob Witt herinnerde zich zekfs nog een partij
Tatai-Korchnoi die door zwart fraai gewonnen werd, en ook Peter Doggers wist
te melden dat deze variant niets is voor wit.} (4... Qxd5 $5 5. Nc3 $5 Qxd4 (
5... Qxg2 $4 6. Be4 $18) 6. Nf3 Qd8 7. Bf4 $44 {kwam voor in een recente
partij tussen twee sterke grootmeesters, Fontaine-Popov, Moskou Aeroflot 2005})
5. Nf3 {4'} Nc6 {13'} (5... c4 $5) (5... cxd4 $5) 6. dxc5 ({Beter dan het rare
} 6. Qe2+ $6 Be7 7. dxc5 Nf6 8. h3 O-O 9. O-O Bxc5 10. c3 Re8 11. Qc2 Qd6 12.
Nbd2 $2 Qg3 $1 13. Bf5 Re2 14. Nd4 Nxd4 {0-1 Tatai-Korchnoi, Beersheva 1978})
6... Bxc5 {Zwart bespaart hiermee een tempo ten opzichte van veel varianten in
de Tarrasch waarin hij eerst Ld6 speelt, maar wits paard staat daar natuurlijk
al op d2. Ik had mijn hoop gevestigd op de zet Pb1-c3 met (wat) druk op d5.} 7.
h3 (7. O-O Bg4 {leek me onprettig voor wit.}) 7... Nge7 8. O-O O-O {18'} 9. Nc3
$146 {7' Dit zou de rechtvaardiging van wits bedoelingen moeten zijn, maar
veel is het allemaal niet.} ({Bekend was nog} 9. Nbd2 $6 {een zet die ik in
elk geval NIET wilde doen omdat wit dan gewoon een Tarrasch speelt met een
tempo minder. Ik vind het verbijsterend dat witspelers hier wel hebben gekozen
voor Pd2 maar nooit voor het m.i. veel consequentere Pc3.}) (9. Bg5 $5 f6 {
is ook niet veel voor wit.}) 9... h6 {21' [RW: Ik speelde dit omdat ik mijn
loper op e6 wilde zetten zonder lastig gevallen te worden door Pg5. Achteraf
denk ik dat het beter is om te vervolgen met} (9... Nb4 10. Bg5 ({Wit heeft
geen tijd voor} 10. Bb5 $2 Bf5 11. Ba4 {wegens} d4) 10... f6 $11) 10. Bf4 a6 $5
{24'} (10... Be6) 11. Qd2 {10'} (11. a3 {verhindert Pb4, maar is natuurlijk
ook erg traag. [RW: Toch had Arne dat m.i. moeten spelen. Ik denk dat wit dan
ietsje beter staat.}) 11... Nb4 {28'} 12. Rad1 {18'} (12. Be2 Bf5) 12... Nxd3 {
34'} 13. Qxd3 Bf5 14. Qd2 Rc8 $1 {39' Ik dacht dat dit niet kon, maar in feite
is het een prima zet.} (14... Bb4 15. Nd4 Bg6 {leek me ook niks voor wit, maar
zoals Rob na de partij aangaf, kan wit nog} 16. Nde2 {proberen, met enige druk
tegen d5.}) 15. Nxd5 $2 {22' Gebaseerd op een grappige misrekening. Ik dacht
met deze zet een pion te winnen.} ({Beter is} 15. Rfe1 Re8 $13 (15... Bb4 16.
Be5 Nc6 17. Qf4)) 15... Nxd5 16. Qxd5 Bxc2 {Nu dacht ik te gaan winnen.} 17.
Qxd8 Rfxd8 18. Rxd8+ {26'} Rxd8 {Pas hier zag ik dat op het geplande Tc1 (met
stukwinst) eenvoudig Td1+ zou volgen, met torenruil. In de vooruitberekening
was het kennelijk lastig te zien dat zwart dit schaakje heeft, misschien omdat
in de beginstelling wit nog torens op d1 en f1 heeft staan! Overigens was ik
niet de enige die dit gemist had: ook Marc Overeem dacht dat ik nu een stuk
won.} 19. Nd2 $6 {30' Het eindspel is natuurlijk naadje voor wit. Ik dacht
tijdens en na de partij dat dit de beste zet was, maar nu denk ik dat wit
misschien beter op torenruil kan spelen. Met torens op het bord zijn de zwarte
lopers namelijk nog gevaarlijker.} (19. Rc1 Rd1+ 20. Rxd1 Bxd1 $15) 19... Bd4 {
44'} (19... g5 $5 20. Rc1 Rc8 21. Be5 (21. Rxc2 $2 Bxf2+ 22. Kxf2 Rxc2 23. Be3
Rxb2 $17)) 20. Rc1 {34'} (20. b3 g5 $17) 20... Bf5 {45'} ({Mogelijk was ook} 
20... Bg6 $17 {omdat in bepaalde varianten Lf5 niet hangt (als er een paard op
d6 komt).}) ({[RW: Een belangrijk moment. Waar moet de loper heen? Ld3
blokkert de d-lijn voor de zwarte toren; Lf5 heeft het nadeel dat de loper in
staat als er een wit paard op d6 verschijnt; Lg6 blokkert de zwarte g-pion;
Blijft dusover} 20... Bh7 $1 {Er dreigt in de eerste plaats g5. Als wit
voortzet als in de partij, dus} 21. Nc4 ({Relatief beter is denk ik} 21. Nb3
Bxb2 22. Rc7 {Zwart heeft nu diverse goede zetten, al zie ik niet zo gauw wat
nu precies de beste is.}) 21... b5 22. Nd6 (22. Bc7 Rc8 23. Nd6 Bxb2 24. Re1
Ra8 {en zwart heeft een gezonde pluspion.}) 22... g5 23. Bh2 (23. Bg3 f5 $1 $19
) 23... Bxb2 (23... f5 $5 24. b4 f4 $17) 24. Rc6 a5 {en wit is in grote
problemen.}) 21. Nc4 (21. b3 g5) 21... Rc8 $2 {Wit nog 55'; zwart 37'. Na deze
zet kan wit de boel bij elkaar houden.} ({Beter} 21... b5 $1 22. Nd6 Bxb2 23.
Rc6 {Het lijkt niet veel voor zwart, maar na} Be6 $1 24. Rxa6 b4 $1 $17 {
dreigt zwart La3, hetgeen behoorlijk onprettig is voor wit. [RW: Klopt, ik heb
b4 niet gezien.]}) 22. Nd6 {Torenruil geeft wit hier aanzienlijk meer
tegenspel.} Rxc1+ 23. Bxc1 Bb1 (23... Be6 24. b3 b5 $15) 24. a4 $1 {51' Het
juiste plan. Wit gaat alle pionnen op de damevleugel elimineren.} b6 25. b4 {
47'} Bd3 $6 {34'} (25... Bc3 26. b5 axb5 27. axb5 Bd3 28. Be3 $11) ({[RW:
Kleine kansen bood misschien nog} 25... Bc2 26. a5 bxa5 27. bxa5 Bc3 28. Nb7
Bd3 29. Be3 f5) 26. Be3 $1 {45'} Bc3 {30'} (26... Bxe3 27. fxe3 a5 28. bxa5
bxa5 29. Nb7) 27. b5 axb5 28. axb5 Ba5 (28... Be5 29. Nc8) 29. Nc8 Bxb5 30.
Nxb6 f5 {en Rob bood remise aan.} 1/2-1/2